Anuario de estudios atlánticos / (Record no. 196890)
[ view plain ]
| 000 -LEADER | |
|---|---|
| campo de control de longitud fija | 02096nas a2200541 i 4500 |
| 001 - NÚMERO DE CONTROL | |
| campo de control | 196890 |
| 003 - IDENTIFICADOR DE NÚMERO DE CONTROL | |
| campo de control | ES-MaACL |
| 005 - FECHA Y HORA DE LA ÚLTIMA TRANSACCIÓN | |
| campo de control | 20250807013020.0 |
| 006 - CÓDIGOS DE INFORMACIÓN DE LONGITUD FIJA--CARACTERÍSTICAS DEL MATERIAL ADICIONAL | |
| campo de control de longitud fija | m g d | |
| 007 - CAMPO FIJO DE DESCRIPCIÓN FÍSICA--INFORMACIÓN GENERAL | |
| campo de control de longitud fija | cr*||||||||||| |
| 008 - DATOS DE LONGITUD FIJA--INFORMACIÓN GENERAL | |
| campo de control de longitud fija | 250122c19559999sp ar ps 0 b0mul |
| 010 ## - NÚMERO DE CONTROL DE LA BIBLIOTECA DEL CONGRESO | |
| Número de control de LC | c |
| Número de control de NUCMC | 1 |
| 022 0# - NÚMERO INTERNACIONAL NORMALIZADO PARA PUBLICACIONES SERIADAS | |
| Número Internacional Normalizado para Publicaciones Seriadas | 2386-5571 |
| Fuente | _u |
| 035 ## - NÚMERO DE CONTROL DEL SISTEMA | |
| Número de control de sistema | (OCoLC)1201151440 |
| 035 ## - NÚMERO DE CONTROL DEL SISTEMA | |
| Número de control de sistema | (SpMaBN)a5541468 |
| 035 ## - NÚMERO DE CONTROL DEL SISTEMA | |
| Número de control de sistema | 991047518619708606 |
| 040 ## - FUENTE DE CATALOGACIÓN | |
| Centro catalogador/agencia de origen | SpMaBN |
| Lengua de catalogación | spa |
| Centro/agencia transcriptor | SpMaBN |
| Normas de descripción | rdc |
| 041 ## - CÓDIGO DE IDIOMA | |
| Código de lengua del sumario o resumen | eng |
| 080 ## - NÚMERO DE LA CLASIFICACIÓN DECIMAL UNIVERSAL | |
| Número de la Clasificación Decimal Universal | 930.85(7/8) |
| 080 ## - NÚMERO DE LA CLASIFICACIÓN DECIMAL UNIVERSAL | |
| Número de la Clasificación Decimal Universal | 94(460.41) |
| 130 0# - ENTRADA PRINCIPAL--TÍTULO UNIFORME | |
| Título uniforme | Anuario de estudios atlánticos (Internet) |
| 9 (RLIN) | 239483 |
| 210 0# - TÍTULO ABREVIADO | |
| Título abreviado | Anu. estud. atl. |
| Información calificativa | Internet |
| 222 #0 - TÍTULO CLAVE | |
| Título clave | Anuario de estudios atlánticos |
| Información calificativa | Internet |
| 245 10 - MENCIÓN DEL TÍTULO | |
| Título | Anuario de estudios atlánticos / |
| Mención de responsabilidad, etc. | Patronato de la Casa de Colón |
| 260 ## - PUBLICACIÓN, DISTRIBUCIÓN, ETC. | |
| Lugar de publicación, distribución, etc. | Las Palmas de Gran Canaria : |
| Nombre del editor, distribuidor, etc. | Cabildo de Gran Canaria, |
| Fecha de publicación, distribución, etc. | 1955- |
| 310 ## - PERIODICIDAD ACTUAL | |
| Periodicidad actual | Anual |
| 336 ## - TIPO DE CONTENIDO | |
| Término de tipo de contenido | Texto (visual) |
| Fuente | isbdcontent |
| 337 ## - TIPO DE MEDIO | |
| Nombre/término del tipo de medio | electrónico |
| Fuente | isbdmedia |
| 338 ## - TIPO DE SOPORTE | |
| Fuente | rdacarrier |
| Nombre/término del tipo de soporte | volumen |
| 362 0# - FECHAS DE PUBLICACIÓN Y/O DESIGNACIÓN SECUENCIAL | |
| Fecha de publicación y/o designación secuencial | Vol. 1, n. 1 (1955)- |
| 500 ## - NOTA GENERAL | |
| Nota general | Última consulta, 22-1-2025 |
| 530 ## - NOTA DISPONIBLE DE FORMULARIO FÍSICO ADICIONAL | |
| Nota de formato físico adicional disponible | Hasta 2013 disponible también en edición impresa |
| 546 ## - NOTA DE IDIOMA | |
| Nota de lengua/lenguaje | Resúmenes en inglés |
| 594 ## - Nota al título y mención de responsabilidad | |
| Nota al título y mención de responsabilidad | Título tomado de la pantalla principal de búsqueda (consultado el 22 de septiembre 2014) |
| 650 #4 - PUNTO DE ACCESO ADICIONAL DE MATERIA--TÉRMINO DE MATERIA | |
| Término de materia o nombre geográfico como elemento de entrada | |
| 9 (RLIN) | 241647 |
| 651 #7 - PUNTO DE ACCESO ADICIONAL DE MATERIA--NOMBRE GEOGRÁFICO | |
| Nombre geográfico | Atlántico (Región) |
| Subdivisión general | Civilización |
| Fuente del encabezamiento o término | embne |
| 9 (RLIN) | 239484 |
| 655 #0 - TERMINO DE INDIZACIÓN--GENERO/FORMA | |
| Datos o término principal de género/forma | Páginas Web |
| Fuente del término | tgfbne |
| 9 (RLIN) | 226719 |
| 655 #0 - TERMINO DE INDIZACIÓN--GENERO/FORMA | |
| Datos o término principal de género/forma | Revistas electrónicas |
| Fuente del término | tgfbne |
| 9 (RLIN) | 226718 |
| 710 1# - ENTRADA AGREGADA--NOMBRE DE ENTIDAD CORPORATIVA | |
| Nombre de entidad corporativa o nombre de jurisdicción como elemento de entrada | Gran Canaria. |
| Unidad subordinada | Cabildo Insular |
| Número de control del registro de autoridad o número normalizado | (isni)0000000119428355 |
| 9 (RLIN) | 2264 |
| 710 0# - ENTRADA AGREGADA--NOMBRE DE ENTIDAD CORPORATIVA | |
| Nombre de entidad corporativa o nombre de jurisdicción como elemento de entrada | Patronato de la Casa de Colón |
| 9 (RLIN) | 6175 |
| 776 1# - ENTRADA DE FORMULARIO FÍSICO ADICIONAL | |
| Título | Anuario de estudios atlánticos |
| Número Internacional Normalizado para Publicaciones Seriadas | 0570-4065 |
| Número de control del registro | 991028323319708606 |
| 776 1# - ENTRADA DE FORMULARIO FÍSICO ADICIONAL | |
| Título | Anuario de estudios atlánticos (CD-ROM) |
| Número Internacional Normalizado para Publicaciones Seriadas | 2386-558X |
| Número de control del registro | 991022792779708606 |
| 856 40 - LOCALIZACIÓN Y ACCESO ELECTRÓNICOS | |
| Identificador Uniforme de Recursos | <a href="https://revistas.grancanaria.com/index.php/aea/issue/summaryJournal">https://revistas.grancanaria.com/index.php/aea/issue/summaryJournal</a> |
| Texto de enlace | Acceso electrónico |
| 856 40 - LOCALIZACIÓN Y ACCESO ELECTRÓNICOS | |
| Identificador Uniforme de Recursos | <a href="https://dialnet.unirioja.es/servlet/revista?codigo=5528">https://dialnet.unirioja.es/servlet/revista?codigo=5528</a> |
| Nota pública | Sumarios de la revista en Dialnet |
| 942 ## - ELEMENTOS DE ENTRADA SECUNDARIOS (KOHA) | |
| Fuente del sistema de clasificación o colocación | Clasificación decimal universal |
| Suprimir en OPAC | No |
| Tipo de ítem Koha | Revista electrónica |
No items available.
